Reljacionnyje modeli baz dannych
Na minha lista:
| Formato: | Livro |
|---|---|
| Idioma: | russo |
| Publicado em: |
Minsk
Izd. BGU im V.I. Lenina
1982
|
| Tags: |
Sem tags, seja o primeiro a adicionar uma tag!
|
MARC
| LEADER | 00000nam a2200000 4500 | ||
|---|---|---|---|
| 001 | c131524 | ||
| 005 | 20250722094811.1 | ||
| 041 | 0 | |a rus | |
| 044 | |a BY | ||
| 245 | 1 | 0 | |a Reljacionnyje modeli baz dannych |c Viktor Prokof'jevič Dribas |
| 264 | 1 | |a Minsk |b Izd. BGU im V.I. Lenina |c 1982 | |
| 300 | |a 191 s. | ||